Matemática 1: Ciencias económicas y administrativas./ (Registro nro. 7843)

Detalles MARC
000 -LEADER
fixed length control field 00749nam a2200205Ia 4500
005 - FECHA Y HORA DE LA ÚLTIMA TRANSACCIÓN
control field 20250622093108.0
008 - FIXED-LENGTH DATA ELEMENTS--GENERAL INFORMATION
fixed length control field 230417s9999 xx 000 0 und d
020 ## - INTERNATIONAL STANDARD BOOK NUMBER
International Standard Book Number 9992349484
040 ## - CATALOGING SOURCE
Original cataloging agency UPAN
Transcribing agency Biblioteca San Vicente
Description conventions RCAA2
041 ## - LANGUAGE CODE
Language code of text/sound track or separate title spa
082 ## - DEWEY DECIMAL CLASSIFICATION NUMBER
Classification number 330.154 3
Item number A283m
año de publicación 2005
100 ## - MAIN ENTRY--PERSONAL NAME
Personal name Aguilera Liborio, Raúl
Relator code aut.
245 #0 - TITLE STATEMENT
Title Matemática 1: Ciencias económicas y administrativas./
Remainder of title Raul Aguilera Liborio
250 ## - EDITION STATEMENT
Edition statement 3° ed.
260 ## - PUBLICATION, DISTRIBUTION, ETC. (IMPRINT)
Place of publication, distribution, etc El Salvador:
Name of publisher, distributor, etc UCA,
Date of publication, distribution, etc 2005
300 ## - PHYSICAL DESCRIPTION
Extent 340 p.:
Dimensions 26 cm
505 ## - FORMATTED CONTENTS NOTE
Formatted contents note 1. Conjuntos numéricos.<br/>2. Funciones.<br/>3. Funciones trascendentales y línea recta.<br/>4. Limites y continuidad.<br/>5. La derivada.<br/>6. Aplicaciones de la derivada.
650 ## - SUBJECT ADDED ENTRY--TOPICAL TERM
Source of heading or term LEMB
Topical term or geographic name as entry element Matematicas
942 ## - ADDED ENTRY ELEMENTS (KOHA)
Koha item type Libros
Source of classification or shelving scheme Dewey Decimal Classification
Existencias
Withdrawn status Lost status Source of classification or shelving scheme Damaged status Not for loan Collection code Home library Current library Date acquired Total Checkouts Full call number Barcode Date last seen Price effective from Koha item type
    Dewey Decimal Classification     Colección General Biblioteca UPAN San Vicente Biblioteca UPAN San Vicente 17/04/2023   330.154 3 A283m 12000415 17/04/2023 17/04/2023 Libros
    Dewey Decimal Classification     Colección General Biblioteca UPAN San Vicente Biblioteca UPAN San Vicente 17/04/2023   330.154 3 A283m 12000414 17/04/2023 17/04/2023 Libros